| 000 | 00917nam a22002297a 4500 | ||
|---|---|---|---|
| 999 |
_c15107 _d15107 |
||
| 003 | AR-CdUCM | ||
| 008 | 190425b ||||| |||| 00| 0 spa d | ||
| 020 | _a9972-48-100-X | ||
| 040 |
_aMUNICIPALIDAD PROVINCIAL DEL CUSCO _cBIBLIOTECA MUNICIPAL DEL CUSCO |
||
| 082 |
_aC / 701.18 / _bG25 |
||
| 100 |
_aGaray Albújar, Andrés _934131 |
||
| 245 |
_aMartín Chambi : _bpor sí mismo / _cAndrés Garay Albújar |
||
| 260 |
_aPiura : _bUniversidad de Piura, _c2006. |
||
| 300 |
_a315 páginas ; _bfotografías, _c21 cm. |
||
| 505 | _aContenido: Chambi y sus orígenes -- Arequipa el aura fotográfica -- Aprendizaje e influcias de Max T. Vargas -- Las relaciones espontaneas familia y amigos -- Martín Chambi en Cuzco... | ||
| 650 |
_aMartín Chambi _943908 |
||
| 650 |
_aFotografía _94511 |
||
| 650 |
_aHistoria fotográfica _934133 |
||
| 650 |
_aFotografía antigua _916777 |
||
| 942 |
_2ddc _cLIBROS |
||
| 945 | _awfj | ||